| 000 | 01212cam a2200265 4500 | ||
|---|---|---|---|
| 001 | ##L134220 | ||
| 008 | 060718n2006 000 0 eng u | ||
| 020 |
_a0860176355 _a9780860176350 |
||
| 035 | _a(Sirsi) u134220 | ||
| 041 | 0 | _aeng | |
| 050 | 0 | 4 | _a628.24 $2 18 |
| 100 | 1 | _aBalmforth, David | |
| 245 | 0 | 0 |
_aDesigning for exceedance in urban drainage _bgood practice |
| 260 |
_aLondon _bCIRIA _c2006 |
||
| 300 |
_a255p. _c30cm |
||
| 490 | 0 |
_aCIRIA _vC635 |
|
| 520 | _aProvides advice on the design and management of urban sewerage and drainage systems to reduce the impact of drainage exceedance. Includes information on the effective design of both underground systems and overland flood conveyance, and provides advice on risk assessment procedures and planning to reduce the impact that extreme events may have on people and property in the surrounding area. Aimed at drainage engineers, regulators, planners and the construction industry. | ||
| 590 | _aIKA180706 | ||
| 651 | 4 | _aUnited Kingdom | |
| 690 | _aENVIRONMENTAL AND LAND CONSULTANCY-WATER RESOURCE MANAGEMENT-DRAINAGE | ||
| 700 | 1 | _aDigman, Christopher | |
| 700 | 1 | _aKellagher, Richard | |
| 700 | 1 | _aButler, David | |
| 942 |
_n0 _2ddc |
||
| 999 |
_c105599 _d105599 |
||